WATERCOLOUR CREATIVE TECHNIQUES (Record no. 933474)

MARC details
000 -LEADER
fixed length control field 00276nam a2200109Ia 4500
008 - FIXED-LENGTH DATA ELEMENTS--GENERAL INFORMATION
fixed length control field 231120s2010 xx 000 0 und d
041 ## - LANGUAGE CODE
Language code of text/sound track or separate title eng
100 ## - MAIN ENTRY--PERSONAL NAME
Personal name MARIA FERNANDA CANAL
245 ## - TITLE STATEMENT
Title WATERCOLOUR CREATIVE TECHNIQUES
260 ## - PUBLICATION, DISTRIBUTION, ETC.
Place of publication, distribution, etc. BARRONS
Name of publisher, distributor, etc. BARRONS
Date of publication, distribution, etc. 2010
300 ## - PHYSICAL DESCRIPTION
Extent H-143
Holdings
Withdrawn status Lost status Damaged status Not for loan Home library Current library Date acquired Cost, normal purchase price Total Checkouts Barcode Date last seen Price effective from Koha item type
        College of Fine Arts, Pune College of Fine Arts, Pune 21/11/2023 2135.00   FAP-BVA-318 21/11/2023 21/11/2023 Book